|
|
|
|
| LEADER |
01216nam a2200277 a 4500 |
| 001 |
12768904 |
| 008 |
101102s2002 nyua b 001 0 eng d |
| 020 |
|
|
|a 9971514281
|
| 020 |
|
|
|a 0471413879
|
| 040 |
|
|
|a UKM
|c UKM
|d TXA
|d DLC
|d BD-DhAAL
|
| 082 |
0 |
0 |
|a 003
|2 21
|
| 100 |
1 |
|
|a Dennis, Alan
|
| 245 |
|
|
|a Systems analysis and design :
|b an object-oriented approach with UML /
|c Dennis Alan, Barbara Haley Wixom, David Tegarden
|
| 260 |
|
|
|a New York, NY ;
|a Delhi :
|b John Wiley & Sons, Inc.
|c c2002
|
| 300 |
|
|
|a xviii, 515 p. :
|b ill. (some col.) ;
|c 21 cm.
|
| 504 |
|
|
|a Includes bibliographical references and index.
|
| 541 |
|
|
|e 00010485
|
| 650 |
|
0 |
|a System analysis.
|
| 650 |
|
0 |
|a System design.
|
| 650 |
|
0 |
|a UML (Computer science)
|
| 700 |
1 |
|
|a Wixom, Barbara Haley,
|d 1969-
|
| 700 |
1 |
|
|a Tegarden, David Paul.
|
| 852 |
4 |
|
|a Ayesha Abed Library
|j General shelf
|
| 999 |
|
|
|c 10027
|d 10027
|
| 952 |
|
|
|0 0
|1 4
|2 ddc
|4 0
|6 003_DEN_200200000000000
|7 0
|9 13066
|a BRACUL
|b BRACUL
|c GEN
|d 2010-11-04
|l 2
|m 14
|o 003 DEN
|p 3010010485
|r 2018-09-05
|s 2018-05-16
|t 1
|w 2010-11-04
|y BK
|
| 952 |
|
|
|0 0
|1 0
|2 ddc
|4 0
|6 003_DEN_200200000000000
|7 0
|9 13067
|a BRACUL
|b BRACUL
|c GEN
|d 2010-11-04
|l 1
|m 25
|o 003 DEN
|p 3010010484
|r 2018-08-30
|s 2018-01-31
|t 2
|w 2010-11-04
|y BK
|